Statistics for Lyrics - Billy Joel - Scenes From an Italian Restaurant

Click here to take the quiz!

General Stats

  • This quiz has been taken 341 times
  • The average score is 373 of 477

Answer Stats

Answer% Correct
I
100%
a
99%
A
99%
of
98%
white
97%
red
97%
in
97%
an
97%
bottle
97%
you
95%
it
95%
the
95%
to
94%
and
93%
our
92%
Italian
92%
rest
92%
Restaurant
91%
we
91%
your
90%
rose
89%
go
88%
on
88%
at
87%
instead
87%
time
87%
me
86%
any
86%
all
85%
Eddie
85%
get
85%
want
85%
were
84%
life
83%
do
83%
be
83%
Do
83%
Brenda
83%
could
82%
king
81%
perhaps
81%
queen
81%
good
81%
fine
81%
out
80%
with
80%
got
80%
up
80%
know
79%
they
79%
so
79%
look
79%
street
78%
summer
78%
prom
78%
did
78%
depends
78%
old
77%
much
77%
I'll
77%
that
77%
table
77%
appetite
77%
days
77%
face
76%
would
76%
75
76%
meet
76%
upon
76%
never
75%
steady
75%
new
75%
kind
75%
are
75%
New
75%
car
74%
tight
74%
knew
74%
ever
74%
not
74%
near
74%
remember
72%
place
72%
popular
72%
wife
72%
green
72%
more
72%
by
72%
end
71%
familiar
71%
those
71%
long
71%
had
70%
still
70%
hanging
70%
village
70%
around
70%
always
70%
radio
70%
ago
70%
lost
70%
going
70%
job
70%
Diner
68%
was
68%
nice
68%
down
68%
office
68%
after
68%
wavin'
68%
nights
68%
you're
68%
live
68%
for
68%
too
67%
these
67%
couple
67%
or
67%
touch
67%
blue
66%
weight
66%
there
66%
goodbye
66%
how
66%
but
66%
nobody
66%
romantic
66%
when
65%
from
65%
afford
65%
Things
65%
July
65%
tonight
65%
than
65%
teenage
65%
finer
65%
jeans
65%
top
65%
about
64%
looked
64%
lazy
64%
cold
63%
can
63%
okay
63%
marriage
63%
mood
63%
apartment
63%
decided
63%
family's
63%
Parkway
63%
sweet
63%
survive
62%
beer
62%
money
62%
we'll
62%
lights
62%
years
62%
said
62%
hot
61%
leather
61%
my
61%
crazy
61%
riding
60%
paintings
60%
jackets
60%
Sears
59%
Orleans
59%
tears
59%
hit
59%
fight
59%
engineer
58%
back
58%
divorce
58%
count
58%
boots
57%
whatever
57%
already
57%
everyone
57%
way
57%
song
57%
just
57%
saved
56%
their
55%
didn't
54%
couldn't
54%
deep
54%
bread
54%
waterbed
54%
play
53%
started
53%
box
52%
as
52%
carpet
52%
bought
52%
find
51%
course
51%
pieces
51%
pick
50%
dime
50%
big
50%
matter
50%
then
50%
here
49%
lives
49%
again
48%
best
48%
told
48%
tell
48%
Can't
48%
friends
47%
that's
46%
both
46%
it's
46%
went
46%
greasers
46%
low
45%
heard
45%
high
45%
drop
45%
steadys
45%
show
44%
while
43%
closest
43%
same
43%
parted
42%
pile
41%
very
40%
style
39%
lived
39%
surely
34%

Score Distribution

Percentile by Number Answered

Percent of People with Each Score

Your Score History

You have not taken this quiz